New Radon Forum announced (Record no. 69357)
[ view plain ]
| 000 -LEADER | |
|---|---|
| fixed length control field | 00867cam a2200205 4500 |
| 001 - CONTROL NUMBER | |
| control field | WB3803-08 |
| 008 - FIXED-LENGTH DATA ELEMENTS--GENERAL INFORMATION | |
| fixed length control field | 020124n2002 000 0 eng u |
| 035 ## - SYSTEM CONTROL NUMBER | |
| System control number | (Sirsi) u116434 |
| 245 ## - TITLE STATEMENT | |
| Title | New Radon Forum announced |
| 260 ## - PUBLICATION, DISTRIBUTION, ETC. | |
| Date of publication, distribution, etc. | 2002 |
| 490 ## - SERIES STATEMENT | |
| Series statement | BRE News Release |
| Volume/sequential designation | 22 January 2002, (2) |
| 520 ## - SUMMARY, ETC. | |
| Summary, etc. | A Concerted Action project announced by the European Commission will carry out a three-year Europe-wide investigation of radon. It will cover many topics and tasks including, increasing public awareness, developing common protocols for measuring radon emanation from building materials and protection of new buildings. For more information visit the Radon website: http://www.bre.co.uk/radon/index.html |
| 590 ## - LOCAL NOTE (RLIN) | |
| Local note | WB |
| 650 ## - SUBJECT ADDED ENTRY--TOPICAL TERM | |
| Topical term or geographic name entry element | RADON |
| 650 ## - SUBJECT ADDED ENTRY--TOPICAL TERM | |
| Topical term or geographic name entry element | BRE |
| 650 ## - SUBJECT ADDED ENTRY--TOPICAL TERM | |
| Topical term or geographic name entry element | HEALTH HAZARDS |
| 650 ## - SUBJECT ADDED ENTRY--TOPICAL TERM | |
| Topical term or geographic name entry element | RESEARCH |
| 690 ## - LOCAL SUBJECT ADDED ENTRY--TOPICAL TERM (OCLC, RLIN) | |
| Topical term or geographic name as entry element | HEALTH & SAFETY |
| 942 ## - ADDED ENTRY ELEMENTS (KOHA) | |
| Suppress in OPAC | 0 |
| Withdrawn status | Lost status | Source of classification or shelving scheme | Damaged status | Not for loan | Home library | Current library | Shelving location | Date acquired | Total Checkouts | Full call number | Barcode | Date last seen | Copy number | Price effective from | Koha item type |
|---|---|---|---|---|---|---|---|---|---|---|---|---|---|---|---|
| Dewey Decimal Classification | London | London | News article | 24/01/2002 | WB3803-08 | 116434-1001 | 06/08/2019 | 1 | 06/08/2019 | News article |